000
00331 a2200133 4500
020
_a
9780545645386
020
_a
0545645387
041
_a
spa
100
_a
Cocca-Leffler, Maryann
245
_a
Llego el invierno / Maryann Cocca-Leffler
260
_a
Estados Unidos scholastic, 2014.
300
_a
24 p. : ilus
_c
21 cm
942
_c
BK
999
_c
8155
_d
8155